Iconic Teen Movies by Picture #1 - Statistics

General Stats
  • This quiz has been taken 139 times
  • The average score is 8 of 20
Answer Stats
Picture Hint Answer % Correct
2004 Mean Girls
96%
1995 Clueless
88%
2003 Freaky Friday
84%
1999 10 Things I Hate About You
77%
2001 The Princess Diaries
62%
2004 13 Going On 30
54%
2006 She's the Man
48%
2004 A Cinderella Story
43%
1999 She's All That
36%
2009 17 Again
28%
2002 A Walk to Remember
22%
2000 Bring It On
22%
2001 Not Another Teen Movie
16%
2005 The Sisterhood of the Traveling Pants
16%
2008 Angus, Thongs, and Perfect Snogging
14%
2003 What A Girl Wants
14%
2006 John Tucker Must Die
13%
2004 Confessions of a Teenage Drama Queen
10%
2007 Sydney White
10%
2004 Sleepover
5%
No matching quizzes found
Score Distribution
Percent of People with Each Score
Percentile by Number Answered
Your Score History
You have not taken this quiz